000 01102nam a2200217 i 4500
001 182582
003 ES-MaACL
005 20250716052854.0
008 130930s1866 sp a | |||||||| | spa d
100 1 _aBlanch é Illa, Narciso.
_9126006
245 1 0 _aCrónica de la provincia de Albacete /
_cpor Narciso Blanch é Illa.
260 _aMadrid :
_bRonchi y Compañía,
_c1866.
300 _a62 p., [3] h. de lám., [1] h. de mapas :
_bil. ;
_c32 cm.
490 1 _aCrónica general de España, ó sea Historia ilustrada y descriptiva de sus provincias, sus poblaciones más importantes y posesiones de ultramar / dirigida por Cayetano Rosell
651 4 _aAlbacete (Provincia)-
_xDescripción.
_97630
651 4 _aAlbacete (Provincia)-
_xHistoria.
_9153484
700 1 _aRosell, Cayetano,
_d1817-1883
_999681
830 0 _aCrónica general de España, o sea Historia ilustrada y descriptiva de sus provincias, sus poblaciones más importantes de la península y posesiones de Ultramar
_9224862
852 _aES-MaACL
_jC-1582(3)
_z.- Encuadernado con otras obras
999 _c182582
_d182582